The impact of the use of realia on EFL young learners’ vocabulary retention : Master of education. Program: Principles and methods in English language education

সংরক্ষণ করুন:
গ্রন্থ-পঞ্জীর বিবরন
প্রধান লেখক: Vương, Kim Ngọc
বিন্যাস: গ্রন্থ
ভাষা:Undetermined
প্রকাশিত: Can Tho Can Tho University 2015
বিষয়গুলি:
ট্যাগগুলো: ট্যাগ যুক্ত করুন
কোনো ট্যাগ নেই, প্রথমজন হিসাবে ট্যাগ করুন!
Thư viện lưu trữ: Trung tâm Học liệu Trường Đại học Cần Thơ
LEADER 00795nam a2200229Ia 4500
001 CTU_201384
008 210402s9999 xx 000 0 und d
082 |a 428.2407 
082 |b Ng419 
088 |a 60140111 
100 |a Vương, Kim Ngọc 
245 4 |a The impact of the use of realia on EFL young learners’ vocabulary retention : 
245 0 |b Master of education. Program: Principles and methods in English language education 
245 0 |c Vương Kim Ngọc ; Phương Hoàng Yến (Supervisor) 
260 |a Can Tho 
260 |b Can Tho University 
260 |c 2015 
650 |a English languages,Tiếng Anh 
650 |x Study and teaching,Dạy và học 
904 |i Nguyên 
910 |a Khoa 
980 |a Trung tâm Học liệu Trường Đại học Cần Thơ